| 000 | 00576nam a22001937a 4500 | ||
|---|---|---|---|
| 005 | 2010080609359.0 | ||
| 010 | _aENG-98506 | ||
| 020 |
_a9789380371184 _c110.00 |
||
| 035 | _aEN-82039 | ||
| 037 | _bDBAD/PUB | ||
| 082 | _a330 | ||
| 100 |
_aHarikumar, K. _99636 |
||
| 245 |
_aStatistics / _cby K. Harikumar |
||
| 260 |
_aChennai _bValarpirai Publication _c2008 |
||
| 270 | _bChennai | ||
| 300 |
_a122p. _c19cm (pbk) |
||
| 942 |
_2ddc _cEN _h330 _mHAR |
||
| 999 |
_c39871 _d39871 |
||